Marinero en tierra, la amante, el alba del alhelí.
保存先:
| 第一著者: | |
|---|---|
| フォーマット: | 図書 |
| 出版事項: |
Madrid, España; Bogotá, Colombia:
Espasa Calpe; Planeta Colombiana,
199?.
|
| シリーズ: | Biblioteca Hispanoamericana del Siglo XX
|
| 主題: | |
| タグ: |
タグ追加
タグなし, このレコードへの初めてのタグを付けませんか!
|
MARC
| LEADER | 00000nam a2200000 a 4500 | ||
|---|---|---|---|
| 001 | UCQ4067 | ||
| 003 | CL-VaPUC | ||
| 005 | 20241007163536.0 | ||
| 008 | 240926n199? ||||| |||| 00| 0 eng d | ||
| 999 | |c 444870 |d 444868 | ||
| 020 | |a 84-670-1500-4 (Espasa) | ||
| 020 | |a 958-42-0975-2 (Planeta) | ||
| 040 | |c Pontificia Universidad Católica de Valparaíso | ||
| 082 | 0 | 4 | |a 861 ALB 199? |2 21 |
| 100 | |a Alberti, Rafael |e autor |9 267868 | ||
| 245 | 1 | 0 | |a Marinero en tierra, la amante, el alba del alhelí. |
| 260 | |a Madrid, España; |a Bogotá, Colombia: |b Espasa Calpe; |b Planeta Colombiana, |c 199?. | ||
| 300 | |a 167 páginas. | ||
| 490 | |a Biblioteca Hispanoamericana del Siglo XX | ||
| 500 | |a c.1 Donación ELE 9-9-2024. | ||
| 583 | |k Catalogador Asistente |c 20240926 | ||
| 650 | 0 | |a Poesías españolas |2 CL-VaPUC |9 267960 | |
| 650 | 0 | |a Literatura española |9 306261 | |
| 942 | |c BK |2 ddc | ||
| 952 | |0 0 |1 0 |2 ddc |4 0 |6 861_000000000000000_ALB_199 |7 0 |8 A |9 597002 |a BIBGIM |b BIBGIM |d 2024-09-26 |e Donación |i 5662844 |o 861 ALB 199? |p 5662844 |r 2025-01-15 |t 1 |w 2024-09-26 |y BK |k ELE | ||